[Event "FIDE World Bl Team Pool A"]
[Site "Almaty KAZ"]
[Date "2024.08.05"]
[Round "2.2"]
[White "Tulegenov, Amir"]
[Black "Nepomniachtchi, Ian"]
[Result "0-1"]
[BlackTitle "GM"]
[WhiteElo "1858"]
[BlackElo "2767"]
[WhiteTeam "Baiterekchess"]
[BlackTeam "WR Chess Team"]
[WhiteFideId "13742167"]
[BlackFideId "4168119"]
[EventDate "2024.08.05"]

1. e4 c5 2. Nf3 d6 3. Bb5+ Nd7 4. a4 Nf6 5. Nc3 a6 6. Be2 g6 7. a5 Bg7 8. O-O
O-O 9. d3 b5 10. axb6 Bb7 11. Qd2 Nxb6 12. Qf4 Nfd7 13. Qh4 e5 14. Bg5 f6 15.
Be3 f5 16. Qxd8 Rfxd8 17. exf5 gxf5 18. Bg5 Re8 19. Nh4 h6 20. Bd2 Rf8 21. Rab1
Rac8 22. Rfd1 d5 23. b4 c4 24. Be1 d4 25. Na2 cxd3 26. cxd3 Rc2 27. Rd2 Rfc8 28.
Rb2 Rxb2 29. Rxb2 Bd5 30. Nxf5 Bf8 31. Kf1 Na4 32. Rd2 Be6 33. Ng3 Nf6 34. Bd1
Nc3 35. Nxc3 dxc3 36. Rc2 Bxb4 37. Ne4 Nxe4 38. dxe4 Bb3 39. Rc1 Bxd1 40. Rxd1
c2 41. Rc1 Ba3 42. Bd2 Bxc1 43. Bxc1 Rd8 44. Ke2 Rd1 0-1

[Event "FIDE World Bl Team Pool A"]
[Site "Almaty KAZ"]
[Date "2024.08.05"]
[Round "2.5"]
[White "Hou, Yifan"]
[Black "Shakhman, Asanali"]
[Result "1-0"]
[WhiteTitle "GM"]
[WhiteElo "2633"]
[BlackElo "1537"]
[WhiteTeam "WR Chess Team"]
[BlackTeam "Baiterekchess"]
[WhiteFideId "8602980"]
[BlackFideId "447018860"]
[EventDate "2024.08.05"]

1. e4 c6 2. d4 d5 3. exd5 cxd5 4. Bd3 Nc6 5. c3 Qc7 6. Ne2 Bg4 7. O-O e6 8. Qe1
Bxe2 9. Qxe2 Bd6 10. g3 Nf6 11. Bg5 O-O-O 12. a4 h6 13. Be3 h5 14. Na3 h4 15.
Nb5 Qd7 16. Nxd6+ Qxd6 17. Bf4 Qd7 18. Kg2 hxg3 19. fxg3 e5 20. Bxe5 Qh3+ 21.
Kg1 Qh6 22. Bf5+ Nd7 23. Rae1 Nxe5 24. dxe5 Kb8 25. Qg2 Nb6 26. Bd3 Rde8 27. a5
Nc4 28. Bxc4 dxc4 29. Rxf7 Rhf8 30. Qxb7# 1-0

[Event "FIDE World Bl Team Pool A"]
[Site "Almaty KAZ"]
[Date "2024.08.05"]
[Round "4.15"]
[White "Hong, Andrew"]
[Black "Samadov, Read"]
[Result "1/2-1/2"]
[WhiteTitle "GM"]
[BlackTitle "IM"]
[WhiteElo "2572"]
[BlackElo "2509"]
[WhiteTeam "GMHans.com"]
[BlackTeam "Rookies"]
[WhiteFideId "2099438"]
[BlackFideId "13417444"]
[EventDate "2024.08.05"]

1. d4 Nf6 2. Nc3 d5 3. Bf4 c5 4. e3 cxd4 5. exd4 a6 6. Bd3 Nc6 7. Nce2 g6 8. h3
Bg7 9. Nf3 O-O 10. O-O Bf5 11. Bxf5 gxf5 12. Nc1 e6 13. Nd3 Ne4 14. c3 Kh8 15.
Nfe5 Nxe5 16. Bxe5 Bxe5 17. Nxe5 Qg5 18. f3 Nd6 19. Qc1 Qg3 20. Qh6 Rg8 21. Rf2
Qg7 22. Qf4 Rad8 23. Re1 Qg5 24. Nd3 Qxf4 25. Nxf4 b5 26. Kh2 a5 27. a3 Rb8 28.
Nd3 Nc4 29. g4 Nd6 30. Rg2 fxg4 31. hxg4 Kg7 32. Kg3 h5 33. Kf4 Kf6 34. Ne5 Rbc8
35. g5+ Ke7 36. Rh1 b4 37. axb4 axb4 38. cxb4 Nf5 39. Rxh5 Rg7 40. Rd2 f6 41.
gxf6+ Kxf6 42. b5 Rb8 43. Rh1 Rxb5 44. Rh8 Ke7 45. Rc2 Rb7 46. Rcc8 Nxd4 47.
Rhe8+ Kd6 48. Rcd8+ Kc5 49. Rc8+ Kb5 50. Nd3 Rgf7+ 51. Ke5 Nxf3+ 52. Kxe6 Rbe7+ 1/2-1/2

[Event "FIDE World Bl Team Pool A"]
[Site "Almaty KAZ"]
[Date "2024.08.05"]
[Round "5.17"]
[White "Zhankarayeva, Zhansaya"]
[Black "Salimova, Nurgyul"]
[Result "0-1"]
[BlackTitle "IM"]
[WhiteElo "1402"]
[BlackElo "2412"]
[WhiteTeam "Baiterekchess"]
[BlackTeam "GMHans.com"]
[WhiteFideId "13781804"]
[BlackFideId "2915138"]
[EventDate "2024.08.05"]

1. e4 d6 2. d4 Nf6 3. Nc3 e5 4. dxe5 dxe5 5. Qxd8+ Kxd8 6. Nf3 Bd6 7. Bg5 c6 8.
O-O-O Kc7 9. Bc4 Be6 10. Bxe6 fxe6 11. Rd2 Na6 12. Rhd1 Rad8 13. a3 Rhf8 14. Be3
Bc5 15. Nxe5 Bxe3 16. fxe3 Rxd2 17. Rxd2 Rd8 18. Nd3 Ng4 19. Nf4 Re8 20. h3 Ne5
21. Rf2 Nc5 22. b4 Ncd7 23. Nce2 g5 24. Nh5 Re7 25. Nd4 Nc4 26. a4 a5 27. b5 Nc5
28. Ng3 Nxa4 29. bxc6 bxc6 30. Rf6 Nc5 31. e5 Nxe5 32. Nge2 Nc4 33. Nc3 Nxe3 34.
Rf3 Nd5 35. Nxd5+ cxd5 36. Rg3 Ne4 37. Rg4 Kd6 38. Nb5+ Ke5 39. Kb2 h5 40. Rxe4+
Kxe4 41. Nd6+ Ke3 42. Nb5 Rb7 43. Kc3 Rxb5 44. g3 Rc5+ 45. Kb2 Kd2 46. Kb3 Rxc2
47. g4 Rc3+ 48. Kb2 Rxh3 49. gxh5 g4 50. h6 Rxh6 51. Kb1 g3 52. Kb2 e5 53. Kb1
Rb6+ 54. Ka2 g2 55. Ka1 g1=Q+ 56. Ka2 Qb1+ 57. Ka3 Qb3# 0-1

[Event "FIDE World Bl Team Pool A"]
[Site "Almaty KAZ"]
[Date "2024.08.05"]
[Round "5.18"]
[White "Mero, Aghiad."]
[Black "Atbailar, Anuar"]
[Result "1-0"]
[WhiteElo "1817"]
[BlackElo "1456"]
[WhiteTeam "GMHans.com"]
[BlackTeam "Baiterekchess"]
[WhiteFideId "7608420"]
[BlackFideId "447029196"]
[EventDate "2024.08.05"]

1. b3 d5 2. Bb2 Nc6 3. e3 e5 4. Bb5 Bd6 5. f4 e4 6. Bxg7 f6 7. Bxh8 Bd7 8. Ne2
a6 9. Bxc6 Bxc6 10. O-O Qe7 11. Nd4 Bd7 12. c4 dxc4 13. bxc4 c5 14. Nb3 h6 15.
Qh5+ Kd8 16. Nc3 Qh7 17. Rab1 Qxh8 18. Nxe4 Be7 19. Nexc5 Bxc5 20. Nxc5 Bc6 21.
Qf7 Ne7 22. Nxb7+ Kd7 23. Nc5+ Kd6 24. Qe6+ Kc7 25. Qxe7+ Kc8 26. Rb7 Bxb7 27.
Qd7+ Kb8 28. Qxb7# 1-0

[Event "FIDE World Bl Team Pool A"]
[Site "Almaty KAZ"]
[Date "2024.08.05"]
[Round "7.1"]
[White "Nepomniachtchi, Ian"]
[Black "Tin, Jingyao"]
[Result "1-0"]
[WhiteTitle "GM"]
[BlackTitle "GM"]
[WhiteElo "2767"]
[BlackElo "2575"]
[WhiteTeam "WR Chess Team"]
[BlackTeam "Theme International Trading"]
[WhiteFideId "4168119"]
[BlackFideId "5804418"]
[EventDate "2024.08.05"]

1. e4 e5 2. f4 exf4 3. Nf3 g5 4. h4 g4 5. Ne5 d6 6. Nxg4 Be7 7. d4 Bxh4+ 8. Nf2
Bg3 9. Qf3 Qf6 10. Nc3 Ne7 11. e5 dxe5 12. Ne4 Qg7 13. Nxg3 fxg3 14. Ne4 f5 15.
Qh5+ Qg6 16. Nf6+ Kf7 17. dxe5 Nbc6 18. Bf4 Qxh5 19. Nxh5 Ng6 20. Bxg3 Ncxe5 21.
O-O-O Be6 22. Re1 Nc6 23. b3 Rad8 24. Bxc7 Rc8 25. Bg3 Nb4 26. c4 b5 27. a3 Na6
28. Kb2 bxc4 29. Rxe6 Kxe6 30. Bxc4+ Rxc4 31. bxc4 Nc5 32. Rd1 Ne4 33. Bh2 Rc8
34. Rd4 Rc6 35. g4 Nc5 36. Ng7+ Kf6 37. Nxf5 Rb6+ 38. Kc2 Kg5 39. Rd5 Ne4 40.
Nd6+ Kxg4 41. Nxe4 1-0

[Event "FIDE World Bl Team Pool A"]
[Site "Almaty KAZ"]
[Date "2024.08.05"]
[Round "7.12"]
[White "Zhankarayeva, Zhansaya"]
[Black "Kertaev, Natan"]
[Result "0-1"]
[WhiteElo "1402"]
[BlackElo "1828"]
[WhiteTeam "Baiterekchess"]
[BlackTeam "Storm of Dragons"]
[WhiteFideId "13781804"]
[BlackFideId "13711555"]
[EventDate "2024.08.05"]

1. e4 e6 2. d4 d5 3. Nc3 Bb4 4. Ne2 dxe4 5. a3 Bxc3+ 6. Nxc3 Nc6 7. Be3 Nf6 8.
Bb5 Bd7 9. O-O a6 10. Bxc6 Bxc6 11. Re1 O-O 12. Bg5 h6 13. Bxf6 Qxf6 14. Nxe4
Qg6 15. Ng3 Rad8 16. c3 a5 17. Rc1 Rfe8 18. Qd2 e5 19. h3 exd4 20. Rxe8+ Bxe8
21. cxd4 Bc6 22. Qxa5 Rxd4 23. Qxc7 h5 24. f3 h4 25. Ne2 Bxf3 26. Nf4 Rxf4 27.
Rc2 Rf6 28. Kh1 Be4 29. Rc4 Qxg2# 0-1